Transformácia malého sídla

Na minha lista:
Detalhes bibliográficos
Autor principal: Očková, Alexandra (Author)
Outros Autores: Vitková, Ľubica (Thesis advisor)
Formato: Manuscrito Livro
Idioma:eslovaco
Publicado em: 2024
Assuntos:
Acesso em linha:http://is.stuba.sk/zp/portal_zp.pl?podrobnosti=178937
Tags: Adicionar Tag
Sem tags, seja o primeiro a adicionar uma tag!

MARC

LEADER 00000ntm a22000003a 4500
001 stuzp98824
003 SK-STU
005 20240608212602.3
007 ta
008 150427s2015----xo-----f-mn---000-0-slo-d
040 |a STU  |b slo 
041 0 |a slo 
100 1 |a Očková, Alexandra  |u 056160  |4 aut  |U FAD Fakulta architektúry a dizajnu  |T FAD Ústav urbanizmu a územného plánovania  |X 99363  |U A6160  |Y 397  |7 99363 
242 0 1 |a Small city transformation  |y eng 
245 1 0 |a Transformácia malého sídla 
260 |c 2024 
650 4 |a verejný priestor  |2 slo 
650 4 |a vegetácia  |2 slo 
650 4 |a šport  |2 slo 
650 4 |a pešie mesto  |2 slo 
650 4 |a udržateľnosť  |2 slo 
650 4 |a komunita  |2 slo 
650 4 |a community  |2 eng 
650 4 |a public space  |2 eng 
650 4 |a vegetation  |2 eng 
650 4 |a sport  |2 eng 
650 4 |a pedestrian city  |2 eng 
650 4 |a sustainability  |2 eng 
700 1 |a Vitková, Ľubica  |u 056160  |k Z1  |4 ths  |U FAD Fakulta architektúry a dizajnu  |T FAD Ústav urbanizmu a územného plánovania  |X 447  |U A6160  |Y 397  |7 A000000447 
856 4 |u http://is.stuba.sk/zp/portal_zp.pl?podrobnosti=178937